000 00257nam a22000977a 4500
041 _aENG
100 _aBrooks D.H
245 _aForein Direct Investment In Develop in Asia Trends Eherost Likely Issues For
260 _aDelhi
_bAsian Devlopar
_c2003
300 _a44
999 _c3172
_d3172